| 000 | 01386nam a22003017a 4500 | ||
|---|---|---|---|
| 999 |
_c21580 _d21580 |
||
| 003 | AR-CdUCM | ||
| 008 | 190312b ||||| |||| 00| 0 spa d | ||
| 020 | _a9789972573354 | ||
| 040 |
_aMUNICIPALIDAD PROVINCIAL DEL CUSCO _cBIBLIOTECA MUNICIPAL DEL CUSCO |
||
| 082 |
_a337.805/A75 _bA75 |
||
| 245 |
_aPuentes sobre el Pacífico : _bLatinoamérica y Asia en el nuevo siglo / _ceditores, Cynthia J. Arnson y Jorge Heine, con Christine Zaino ; [tr., Aroma de la Cadena y Eloy Neira] |
||
| 260 |
_aLima : _aWashington : _bUniversidad del Pacífico, _bWoodrow Wilson International Center for Scholars, _c2015. |
||
| 300 |
_a332 páginas. : _bdiagramas ; _c23 cm. |
||
| 500 |
_aTraducción de: Reaching across the Pacific : Latin America and Asia in the new century _zIncluye referencias bibliográficas |
||
| 650 |
_aRelaciones económicas _945420 |
||
| 650 |
_aEnsayos _945421 |
||
| 650 |
_aConferencias _9376 |
||
| 650 |
_aAmérica Latina _945422 |
||
| 650 |
_aAsia _93888 |
||
| 700 |
_aArnson, Cynthia (editora) _945423 |
||
| 700 |
_aHeine, Jorge (editor) _945424 |
||
| 700 |
_aZaino, Christine.Cadena, Aroma de la (traductora) _945425 |
||
| 700 |
_aNeira Riquelme, Eloy (traductor) _945112 |
||
| 710 |
_aUniversidad del Pacífico (Lima) _910408 |
||
| 710 |
_aWoodrow Wilson International Center for Scholars. Latin American Program _945426 |
||
| 942 |
_2ddc _cLIBROS |
||
| 945 | _aRoel | ||